00549nam a22001697a 450000500170000001000150001702000260003203500140005803700090007208200130008110000160009424500410011025000150015126000580016627001270022430000280035120220204103908.0 aENG-131394 a9789354600050c810.00 aEN-114926 bDBAD a621.3121 aDe, Sudipta aPower Plant Engineering/cSudipta De a5e Edition aUttar PradeshbPearson India Education Servicesc2021 a15th Flooor, Tower-B, World Trade Tower, Plot No. 1, Block-C, Sector-16bNoidae201301mcompanysecretary.india@pearson.com a782p.bIndexc24cm(pbk)